00338 a2200109 4500001000700000020000600007040001100013100004000024240008000064245007500144362000900219193204 a  cMagnum aOliveira, Maria Jose Alves da Silva10aFolclore e cultura popular na formacao do profissional de educ. fisicalpor10aFolclore e cultura popular na formacao do profissional de educ. fisica0 a1899